[Event "IECG QA.2005.0.00070"]
[Site "IECG email"]
[Date "2005.10.21"]
[Round "1"]
[White "Sobirey, Michael"]
[Black "Oseledets, Cyrill"]
[Result "1-0"]
[WhiteElo "2131"]
[BlackElo "2021"]
[PlyCount "29"]
[EventDate "2005.10.21"]
[EventType "tourn (corr)"]
[EventRounds "6"]
[SourceTitle "Corr 2024"]
[Source "ChessBase"]
[SourceDate "2023.10.19"]
[SourceVersion "1"]
[SourceVersionDate "2023.10.19"]
[SourceQuality "1"]

1. e4 c5 2. Nf3 d6 3. d4 cxd4 4. Nxd4 Nf6 5. Nc3 g6 6. Be3 a6 7. f3 Qc7 8. g4 h6 9. Qd2 b5 10. h4 Nbd7 11. a3 Rb8 12. 0-0-0 Ne5 13. Be2 Bg7 14. g5 hxg5 15. hxg5 1-0